00223 a2200097 450000100060000008200140000610000180002024500430003825000060008126000380008758018 a304.2 JOH aJohnston, R.J aDictionary of the Human Geography, 4/e a4 aIndiabBlackwell publishingc2000